|
|
|
|
| LEADER |
00000naa2a2200000 4500 |
| 001 |
384885 |
| 005 |
20231101063313.0 |
| 035 |
|
|
|a (RuTPU)RU\TPU\prd\12046
|
| 090 |
|
|
|a 384885
|
| 100 |
|
|
|a 20030326a2003 k y0rusy50 ca
|
| 101 |
0 |
|
|a rus
|
| 102 |
|
|
|a RU
|
| 200 |
1 |
|
|a Биоэкология: придатки эндоспор - морфологический курьез или ключ к разгадке тайн эукариогенеза
|f Г. Г. Гончиков
|
| 320 |
|
|
|a Библиогр.: 60 назв.
|
| 461 |
|
1 |
|0 (RuTPU)RU\TPU\prd\463
|x 0204-3483
|t Инженерная экология
|o научно-аналитический журнал
|d 1995-
|
| 463 |
|
1 |
|0 (RuTPU)RU\TPU\prd\11846
|t № 1
|v С. 2-24
|d 2003
|
| 610 |
1 |
|
|a биоэкология
|
| 610 |
1 |
|
|a придатки эндоспор
|
| 610 |
1 |
|
|a морфологический курьез
|
| 610 |
1 |
|
|a эукариогенез
|
| 610 |
1 |
|
|a морфология
|
| 610 |
1 |
|
|a ультратонкое строение
|
| 610 |
1 |
|
|a химический состав
|
| 610 |
1 |
|
|a придатки бактериальных спор
|
| 610 |
1 |
|
|a споровые "выросты"
|
| 610 |
1 |
|
|a процессы спорогенеза
|
| 610 |
1 |
|
|a цитоскелетные белки
|
| 610 |
1 |
|
|a актины
|
| 610 |
1 |
|
|a тубулины
|
| 700 |
|
1 |
|a Гончиков
|b Г. Г.
|
| 801 |
|
1 |
|a RU
|b 63413507
|c 20030326
|g PSBO
|
| 801 |
|
2 |
|a RU
|b 63413507
|c 20130118
|g RCR
|
| 942 |
|
|
|c BK
|